A guide to the collision avoidance rules: international regulations for preventing collisions at sea (Record no. 1994)

000 -LEADER
fixed length control field 00532nam a22001577a 4500
008 - FIXED-LENGTH DATA ELEMENTS--GENERAL INFORMATION
fixed length control field 200210b ||||| |||| 00| 0 eng d
020 ## - INTERNATIONAL STANDARD BOOK NUMBER
International Standard Book Number 0750626909
100 ## - MAIN ENTRY--PERSONAL NAME
9 (RLIN) 1600
Personal name Cockroft, A. N.
245 10 - TITLE STATEMENT
Title A guide to the collision avoidance rules: international regulations for preventing collisions at sea
250 ## - EDITION STATEMENT
Edition statement 5th ed.
260 ## - PUBLICATION, DISTRIBUTION, ETC. (IMPRINT)
Place of publication, distribution, etc Oxford
Name of publisher, distributor, etc Butterworths-Heinemann
Date of publication, distribution, etc 2001
300 ## - PHYSICAL DESCRIPTION
Extent xvi,249p.
650 #0 - SUBJECT ADDED ENTRY--TOPICAL TERM
Topical term or geographic name as entry element Ships--Safety regulations
700 ## - ADDED ENTRY--PERSONAL NAME
9 (RLIN) 1601
Personal name Lameijer, J.N.F.
942 ## - ADDED ENTRY ELEMENTS (KOHA)
Item type Books
Holdings
Withdrawn status Lost status Source of classification or shelving scheme Damaged status Not for loan Permanent location Current location Date acquired Source of acquisition Full call number Barcode Date last seen Cost, replacement price Koha item type
          IMU Kolkata IMU Kolkata 2002-03-27 Jyoti, the Book People 623.8884 C6667 09346 2020-02-10 375.00 Books
          IMU Kolkata IMU Kolkata 2002-09-10 Sterling Book House 623.8884 C6667 09363 2020-02-10 337.50 Books
          IMU Kolkata IMU Kolkata 2009-03-30 Rose Marketing and Consultant 623.8884 C6667 10728 2020-02-20 400.00 Books
Designed and Maintained by IMU-KC Library, Kolkata Campus © Copyright All Rights Reserved

webs counters

Powered by Koha